Укрепи мою память: роман

Dettagli Bibliografici
Autore principale: Заплавный С. А. Сергей Алексеевич
Riassunto:В романе ставится проблема сохранения и восстановления памятников отечественной культуры. Это остросоциальное произведение, повествующее о периоде становления реставрационной мастерской, о сложных переплетениях личных судеб людей и общественных дел.
Lingua:russo
Pubblicazione: Москва, Молодая гвардия, 1990
Soggetti:
Natura: MixedMaterials Libro
KOHA link:https://koha.lib.tpu.ru/cgi-bin/koha/opac-detail.pl?biblionumber=123668

MARC

LEADER 00000nam0a2200000 4500
001 123668
005 20231101215823.0
010 |a 5235004280 
020 |a RU  |b 90-1466 
035 |a (RuTPU)RU\TPU\book\133854 
090 |a 123668 
100 |a 20071023d1990 m y0rusy5003 ca 
101 0 |a rus 
102 |a RU 
105 |a a z 000ay 
200 1 |a Укрепи мою память  |e роман  |f С. А. Заплавный 
210 |a Москва  |c Молодая гвардия  |d 1990 
215 |a 382 с.  |c ил. 
318 |5 63413507  |a "Томск - любовь моя и судьба" - творчество писателей-томичей  |b выставка 
330 |a В романе ставится проблема сохранения и восстановления памятников отечественной культуры. Это остросоциальное произведение, повествующее о периоде становления реставрационной мастерской, о сложных переплетениях личных судеб людей и общественных дел. 
606 1 |a Русская литература современная  |2 stltpush  |3 (RuTPU)RU\TPU\subj\26373  |9 50316 
610 0 |a советская литература 
610 0 |a романы 
610 0 |a отечественная культура 
610 0 |a памятники культуры 
610 0 |a реставрация 
675 |a Р2  |v 3 
700 1 |a Заплавный  |b С. А.  |c русский писатель  |f 1942-  |g Сергей Алексеевич  |2 stltpush  |3 (RuTPU)RU\TPU\pers\13157 
801 0 |a RU  |b RuMRKP  |c 19950417  |g psbo 
801 1 |a RU  |b 63413507  |c 20071023  |g PSBO 
801 2 |a RU  |b 63413507  |c 20221007  |g PSBO 
942 |c BK